| 000 | 00428nam a2200145Ia 4500 | ||
|---|---|---|---|
| 008 | 230917s9999||||xx |||||||||||||| ||und|| | ||
| 040 |
_e179754 _aMAIN |
||
| 041 | _aEnglish | ||
| 082 | _a891.432741 RK137M | ||
| 100 | _aराजकुमार | ||
| 245 | 0 | _aमंदिर | |
| 260 |
_aवाराणसी _bहिन्दी प्रचारक संस्थान _c1976 |
||
| 300 | _a117 पृ. p. | ||
| 942 | _cHN | ||
| 999 |
_c158432 _d158432 |
||